[Event "25th Czech Open A 2014"]
[Site "Pardubice CZE"]
[Date "2014.07.22"]
[Round "5.18"]
[White "Kriebel, Tadeas"]
[Black "Potapov, Pavel"]
[Result "1-0"]
[WhiteTitle "IM"]
[BlackTitle "IM"]
[WhiteElo "2398"]
[BlackElo "2482"]
[WhiteFideId "330027"]
[BlackFideId "4169786"]
[EventDate "2014.07.18"]

1. e4 c5 2. Nf3 Nc6 3. Nc3 e5 4. Bc4 Be7 5. O-O d6 6. d3 Nf6 7. Ng5 O-O 8. f4
Bg4 9. Qe1 exf4 10. Bxf4 Nd4 11. Qd2 Qd7 12. Be3 h6 13. Nf3 Nxf3+ 14. gxf3 Be6
15. Kh1 Kh7 16. Bxe6 fxe6 17. Rg1 Qe8 18. Raf1 Qf7 19. Qg2 d5 20. Ne2 Rg8 21.
Qh3 Nh5 22. f4 dxe4 23. dxe4 Nf6 24. f5 Qh5 25. Qg2 e5 26. Qg6+ Kh8 27. Qxh5
Nxh5 28. Nc3 Nf6 29. Rg6 Rgf8 30. Kg2 Rad8 31. Kf3 b6 32. a4 a6 33. Rfg1 Rf7 34.
R1g2 Rd7 35. Re2 Bf8 36. Bf2 Rb7 37. Bh4 b5 38. Bxf6 Rxf6 39. Rxf6 gxf6 40. axb5
axb5 41. Re1 Kg7 42. Ra1 Kf7 43. Ra6 c4 44. Nd5 Be7 45. Kg4 Bd8 46. Kh5 Kg7 47.
h4 Be7 48. Nxe7 Rxe7 49. Rb6 c3 50. bxc3 Rc7 51. Rxb5 Kh7 52. Rb4 Kg7 53. Rb6 1-0

[Event "25th Czech Open A 2014"]
[Site "Pardubice CZE"]
[Date "2014.07.22"]
[Round "5.19"]
[White "Tomazini, Zan"]
[Black "Alekseenko, Kirill"]
[Result "1-0"]
[WhiteTitle "FM"]
[BlackTitle "FM"]
[WhiteElo "2313"]
[BlackElo "2468"]
[WhiteFideId "14608162"]
[BlackFideId "4135539"]
[EventDate "2014.07.18"]

1. e4 e5 2. Nf3 Nc6 3. Bc4 Bc5 4. d3 Nf6 5. Bb3 d6 6. c3 a6 7. h3 Ba7 8. Nbd2
O-O 9. Nf1 d5 10. Qe2 Be6 11. Ng3 h6 12. O-O Re8 13. Bc2 b5 14. Rd1 d4 15. Nh4
Bb6 16. Ngf5 Bxf5 17. Nxf5 Ne7 18. Qf3 Nxf5 19. Qxf5 Qd6 20. a4 Qc6 21. c4 Nd7
22. b4 g6 23. Qf3 bxc4 24. a5 Ba7 25. Ba4 Qe6 26. dxc4 Kg7 27. c5 c6 28. Qd3
Reb8 29. Bd2 Rb5 30. Bxb5 cxb5 31. Rac1 Nb8 32. f4 Nc6 33. Rf1 exf4 34. Bxf4 Re8
35. Qd2 g5 36. Bd6 f6 37. Rce1 Qc4 38. Qf2 Qe6 39. e5 fxe5 40. Qf3 Rc8 41. Bxe5+
Nxe5 42. Qb7+ Kg6 43. Rxe5 1-0

[Event "25th Czech Open A 2014"]
[Site "Pardubice CZE"]
[Date "2014.07.22"]
[Round "5.20"]
[White "Kutynec, Vladimir"]
[Black "Firat, Burak"]
[Result "0-1"]
[WhiteTitle "IM"]
[BlackTitle "IM"]
[WhiteElo "2305"]
[BlackElo "2458"]
[WhiteFideId "4119843"]
[BlackFideId "6305881"]
[EventDate "2014.07.18"]

1. Nf3 d5 2. c4 d4 3. e3 Nc6 4. Nxd4 Nxd4 5. exd4 Qxd4 6. Nc3 c6 7. d3 Nh6 8.
Be2 Nf5 9. g4 Nh4 10. Be3 Ng2+ 11. Kd2 Nxe3 12. fxe3 Qb6 13. Qb3 Qc7 14. Raf1 e5
15. Ne4 Be7 16. h4 Be6 17. Ng5 Bxg5 18. hxg5 O-O-O 19. Qa3 Bxc4 20. Qxa7 Qe7 21.
Kc3 Ba6 22. g6 fxg6 23. g5 e4 24. Rf4 Qe5+ 25. Kd2 Qxb2+ 26. Ke1 Rhf8 27. Rxh7
Rxf4 28. exf4 exd3 29. Bd1 Qb4+ 30. Kf2 Qxf4+ 31. Bf3 Qd2+ 32. Kg3 Qe1+ 33. Kh3
Qe5 34. Rh4 0-1

[Event "25th Czech Open A 2014"]
[Site "Pardubice CZE"]
[Date "2014.07.22"]
[Round "5.21"]
[White "Belyakov, Bogdan"]
[Black "Seger, Ruediger"]
[Result "1-0"]
[WhiteTitle "IM"]
[BlackTitle "IM"]
[WhiteElo "2456"]
[BlackElo "2374"]
[WhiteFideId "24104795"]
[BlackFideId "4617274"]
[EventDate "2014.07.18"]

1. e4 c6 2. d4 d5 3. Nc3 dxe4 4. Nxe4 Bf5 5. Ng3 Bg6 6. h4 h6 7. Nf3 Nd7 8. h5
Bh7 9. Bd3 Bxd3 10. Qxd3 e6 11. Bd2 Ngf6 12. O-O-O Be7 13. Ne4 Nxe4 14. Qxe4 Nf6
15. Qe2 Qd5 16. c4 Qe4 17. Qxe4 Nxe4 18. Be3 f5 19. Kc2 f4 20. Kd3 fxe3 21. Kxe4
exf2 22. Rhf1 Bd6 23. Rxf2 O-O 24. Re2 Rf5 25. Rh1 Raf8 26. Kd3 R8f6 27. Nd2 Bf8
28. Rh3 Rf4 29. c5 R4f5 30. b4 Rd5 31. Nf3 g6 32. hxg6 Rxg6 33. Ne5 Rf6 34. Rg3+
Bg7 35. Re4 Kh7 36. Reg4 Bh8 37. Nf3 Rd7 38. Rh3 Rg6 39. Rxg6 Kxg6 40. Ke4 Rd5
41. a3 Bf6 42. g4 Bg7 43. Rh1 Kf7 44. a4 a6 45. b5 axb5 46. axb5 cxb5 47. Rb1
Ke7 48. Rxb5 Rd7 49. Rb1 Kd8 50. Rb4 Bf6 51. Rb6 Ke7 52. Rb1 Kd8 53. Rh1 Bg7 54.
Re1 Rd5 55. Re2 Bf6 56. Rb2 Rd7 57. Ne5 Bxe5 58. Kxe5 Ke7 59. Rh2 Rd5+ 60. Ke4
Rg5 61. Kf4 Rd5 62. Ke4 Rg5 63. Rb2 Rxg4+ 64. Ke3 1-0

[Event "25th Czech Open A 2014"]
[Site "Pardubice CZE"]
[Date "2014.07.22"]
[Round "5.22"]
[White "Yilmazyerli, Mert"]
[Black "Sabuk, Piotr"]
[Result "1/2-1/2"]
[WhiteTitle "FM"]
[WhiteElo "2452"]
[BlackElo "2336"]
[WhiteFideId "6305962"]
[BlackFideId "1137565"]
[EventDate "2014.07.18"]

1. d4 Nf6 2. c4 e6 3. Nf3 d5 4. g3 Bb4+ 5. Bd2 Be7 6. Bg2 Nbd7 7. O-O c6 8. Qc2
b6 9. b3 Bb7 10. Bc3 Rc8 11. Nbd2 c5 12. Qb2 O-O 13. Rfd1 Qc7 14. Rac1 Qb8 15.
e3 Qa8 16. Ne5 Nxe5 17. dxe5 Ne4 18. Nxe4 dxe4 19. Rd7 Rfe8 20. Rcd1 Bc6 21. Qb1
Bxd7 22. Rxd7 Rcd8 23. Bxe4 Rxd7 24. Bxa8 Rxa8 25. Kf1 a6 26. Qe4 Rc8 27. Ke2 b5
28. f4 b4 29. Be1 a5 30. g4 Ra7 31. f5 a4 32. Kf3 axb3 33. axb3 Bg5 34. Bg3 Ra3
35. h4 Be7 36. Qb7 Re8 37. Qd7 Kf8 38. f6 gxf6 39. Bf4 Raa8 40. exf6 Bxf6 41.
Qd6+ Kg8 42. Qxc5 e5 43. Bg3 e4+ 44. Kg2 Bc3 45. Qg5+ Kh8 46. Qf5 Kg8 47. c5 Re6
48. Bd6 Ra2+ 49. Kh3 h6 50. c6 Rxd6 51. c7 Ra8 52. c8=Q+ Rxc8 53. Qxc8+ Kg7 54.
Qc4 Re6 55. Qd5 Re5 56. Qd8 Re6 57. g5 hxg5 58. hxg5 Rg6 59. Kh4 Re6 60. Kg4 Rg6
61. Kf5 Re6 62. Qc7 Rg6 63. Qe7 Re6 64. Qc5 Re8 65. Qc7 Re6 66. Qb8 Rg6 67. Qg3
Re6 68. Qh2 Rg6 69. Qf4 Re6 70. Kg4 Re8 71. Qf5 Re6 72. Qf1 Rg6 73. Kh5 Re6 74.
Qg2 Re5 75. Kg4 Re6 76. Qh1 Kg8 77. Qh2 Kg7 78. Kf5 Kg8 79. Qb8+ Kg7 80. Qd8
Re5+ 81. Kg4 Re6 82. Kf4 Be5+ 83. Kf5 Bc3 84. Qd5 Re8 85. Kg4 Re5 86. Qa8 Re6
87. Kf4 Re5 88. Qb7 Re6 89. Qd5 Kg8 90. Kg4 Kg7 91. Qd8 Rg6 92. Qd5 Re6 93. Qf5
Kg8 94. Qf1 Kg7 95. Qh1 Kg8 96. Qh2 Kg7 97. Kf5 Kg8 98. g6 Rxg6 99. Kxe4 Re6+
100. Kd5 Rg6 101. e4 Re6 102. Qg2+ Kf8 103. Qg5 Rg6 104. Qh4 Kg7 105. Qh5 1/2-1/2

[Event "25th Czech Open A 2014"]
[Site "Pardubice CZE"]
[Date "2014.07.22"]
[Round "5.23"]
[White "Vokac, Marek"]
[Black "Eliseev, Evgeniy"]
[Result "1-0"]
[WhiteTitle "GM"]
[WhiteElo "2443"]
[BlackElo "2140"]
[WhiteFideId "300101"]
[BlackFideId "14139642"]
[EventDate "2014.07.18"]

1. c4 Nf6 2. Nf3 e6 3. g3 d5 4. Bg2 c5 5. cxd5 exd5 6. d4 Nc6 7. O-O h6 8. Nc3
Be7 9. b3 O-O 10. Bb2 Bf5 11. dxc5 Bxc5 12. Rc1 Be7 13. Nd4 Bg6 14. Nxc6 bxc6
15. Na4 Rc8 16. Bh3 Rc7 17. Be5 Bd6 18. Bxd6 Qxd6 19. Nc5 Bh5 20. Qd2 Re8 21. e3
Ne4 22. Nxe4 Rxe4 23. Bg2 Re8 24. Qd4 Qa3 25. Qc5 Qxa2 26. Bxd5 Qa6 27. Bc4 1-0

[Event "25th Czech Open A 2014"]
[Site "Pardubice CZE"]
[Date "2014.07.22"]
[Round "5.24"]
[White "Mozharov, Mikhail"]
[Black "Vetoshko, Volodymyr"]
[Result "1-0"]
[WhiteTitle "GM"]
[BlackTitle "FM"]
[WhiteElo "2540"]
[BlackElo "2338"]
[WhiteFideId "4189825"]
[BlackFideId "14122480"]
[EventDate "2014.07.18"]

1. e4 c5 2. Nf3 e6 3. d4 cxd4 4. Nxd4 a6 5. c4 Nf6 6. Nc3 Qc7 7. Be2 Bb4 8. Qd3
b6 9. O-O Bb7 10. f3 Nc6 11. Nxc6 Bxc6 12. Be3 O-O 13. a3 Bc5 14. b4 Bxe3+ 15.
Qxe3 d6 16. Rac1 Qb7 17. Rfd1 Rfd8 18. Rd2 Ne8 19. Rcd1 Rdc8 20. e5 dxe5 21. b5
axb5 22. cxb5 Bd5 23. Nxd5 exd5 24. Rxd5 f6 25. Rd7 Rc7 26. Qb3+ Kh8 27. Qf7 h6
28. Qf8+ 1-0

[Event "25th Czech Open A 2014"]
[Site "Pardubice CZE"]
[Date "2014.07.22"]
[Round "5.25"]
[White "Aulia, Medina Warda"]
[Black "Kravtsiv, Martyn"]
[Result "0-1"]
[WhiteTitle "WGM"]
[BlackTitle "GM"]
[WhiteElo "2382"]
[BlackElo "2569"]
[WhiteFideId "7101570"]
[BlackFideId "14113147"]
[EventDate "2014.07.18"]

1. e4 e5 2. Nf3 Nc6 3. Bc4 Nf6 4. d3 Bc5 5. c3 O-O 6. Nbd2 d6 7. Bb3 Nh5 8. Nf1
Qf6 9. Ng3 Nf4 10. Bxf4 Qxf4 11. h3 Bb6 12. Qd2 Qf6 13. Nh5 Qe7 14. g4 a5 15.
Ng3 a4 16. Bc2 Nd4 17. Nxd4 exd4 18. O-O a3 19. b4 dxc3 20. Qxc3 Qe5 21. Qxe5
dxe5 22. Bb3 Rd8 23. Bc4 Bd7 24. Kg2 Bd4 25. Rac1 Bb2 26. Rce1 b5 27. Bb3 Be6
28. Bxe6 fxe6 29. Rd1 Ra4 30. Rd2 Rxb4 31. Rc2 Rd7 32. Ne2 Rxd3 33. Rxc7 Rxe4
34. Ng3 Rc4 35. Rb7 b4 36. Re1 b3 37. axb3 Rc2 38. Ra7 Bd4 39. Ra8+ Kf7 40. Ne2
Bc5 41. b4 Bxb4 42. Rb1 Rb2 0-1

[Event "25th Czech Open A 2014"]
[Site "Pardubice CZE"]
[Date "2014.07.22"]
[Round "5.26"]
[White "Stefansson, Hannes"]
[Black "Kourousis, Epaminondas"]
[Result "1/2-1/2"]
[WhiteTitle "GM"]
[WhiteElo "2536"]
[BlackElo "2364"]
[WhiteFideId "2300087"]
[BlackFideId "4211626"]
[EventDate "2014.07.18"]

1. d4 Nf6 2. c4 e6 3. Nc3 Bb4 4. Nf3 b6 5. Bg5 Bb7 6. Nd2 Be7 7. e4 h6 8. Be3 d6
9. f4 Nfd7 10. Nf3 O-O 11. Bd3 e5 12. O-O Nc6 13. Nd5 exd4 14. Nxd4 Nxd4 15.
Bxd4 Bxd5 16. cxd5 Bf6 17. Bb5 a5 18. Bxf6 Nxf6 19. Qd4 Qe7 20. e5 Nd7 21. Rae1
Rad8 22. Re3 Nc5 23. Bc6 Kh8 24. Rff3 f5 25. e6 Ne4 26. Ba4 c5 27. Qd1 Nf6 28.
Qd3 g6 29. h3 h5 30. Rg3 Rg8 31. Re2 Rc8 32. Bc6 Kh7 33. Qa6 Ne4 34. Rb3 Qf6 35.
Qxb6 Qd4+ 36. Rbe3 g5 37. Qb7+ Rg7 38. Qxc8 Ng3 39. Kh2 Nf1+ 40. Kh1 Nxe3 41.
Rxe3 Qxe3 42. Qe8 Qe2 43. Bb5 c4 44. Bxc4 Qxc4 45. Qxh5+ Kg8 46. Qe8+ 1/2-1/2

[Event "25th Czech Open A 2014"]
[Site "Pardubice CZE"]
[Date "2014.07.22"]
[Round "5.27"]
[White "Cvek, Robert"]
[Black "Sukandar, Irine Kharisma"]
[Result "1-0"]
[WhiteTitle "GM"]
[BlackTitle "WGM"]
[WhiteElo "2516"]
[BlackElo "2375"]
[WhiteFideId "307424"]
[BlackFideId "7101937"]
[EventDate "2014.07.18"]

1. Nf3 Nf6 2. c4 e6 3. Nc3 Bb4 4. g3 b6 5. Bg2 Bb7 6. O-O O-O 7. Qc2 d6 8. b3
Bxc3 9. Qxc3 Nbd7 10. Bb2 Qe7 11. d3 a5 12. e4 Nc5 13. Nh4 Qd7 14. Qc2 e5 15. f4
a4 16. b4 a3 17. Bc3 Ne6 18. Nf5 Rfd8 19. Rad1 c5 20. bxc5 bxc5 21. fxe5 dxe5
22. Bxe5 Ng4 23. Ba1 g6 24. Qd2 gxf5 25. Rxf5 Ra6 26. h3 Nd4 27. hxg4 Nxf5 28.
gxf5 f6 29. Qe3 Rd6 30. Bf1 Qg7 31. Kh2 h5 32. Be2 Qg5 33. Qxg5+ fxg5 34. e5 Rb6
35. g4 hxg4 36. Bxg4 Rh6+ 37. Kg3 Rh1 38. d4 cxd4 39. Rxh1 Bxh1 40. e6 Bc6 41.
f6 Be8 42. c5 Rd5 43. Bd1 Rxc5 44. Bb3 Rb5 45. Bxd4 g4 46. Bc4 Rb7 47. Bc5 1-0

[Event "25th Czech Open A 2014"]
[Site "Pardubice CZE"]
[Date "2014.07.22"]
[Round "5.28"]
[White "Dourerassou, Jonathan"]
[Black "Sylvan, Jacob"]
[Result "1/2-1/2"]
[WhiteTitle "IM"]
[BlackTitle "FM"]
[WhiteElo "2515"]
[BlackElo "2356"]
[WhiteFideId "628050"]
[BlackFideId "1402137"]
[EventDate "2014.07.18"]

1. e4 c5 2. Nf3 g6 3. c3 Bg7 4. Bc4 e6 5. O-O Ne7 6. d4 cxd4 7. Nxd4 d5 8. exd5
Nxd5 9. Qa4+ Bd7 10. Qa3 Nb6 11. Nd2 Qe7 12. b3 Qxa3 13. Bxa3 Bf8 14. Bxf8 Kxf8
15. Rfe1 Ke7 16. Bf1 Nc6 17. N4f3 Rad8 18. Ne4 Nd5 19. Rac1 Nf6 20. Nc5 Bc8 21.
b4 b6 22. Nd3 Bb7 23. b5 Nb8 24. Nd4 Rc8 25. f3 Rhd8 26. Nb3 Nbd7 27. c4 Rc7 28.
a4 Rdc8 29. Nb4 Nc5 30. Nxc5 Rxc5 31. Ra1 Nd7 32. a5 R8c7 33. axb6 axb6 34. Ra7
Ne5 35. Rxe5 Rxe5 36. Nc6+ Kd6 37. Nd8 Bxf3 38. Nxf7+ Rxf7 39. Rxf7 Be2 40. Rb7
Kc5 41. Rc7+ Kd4 42. Rc6 Bxf1 43. Kxf1 Rc5 44. Rxb6 Kxc4 45. Rxe6 Rxb5 46. Kf2
Rf5+ 47. Kg3 Kd5 48. Re7 h5 49. Kh4 Rf2 50. Kh3 Rf4 51. Kg3 Rf5 52. h4 Kd6 53.
Re8 Kd7 54. Re4 Kd6 55. Re8 Kd7 56. Re3 Kd6 57. Kh3 Re5 58. Rg3 Re6 59. Rf3 Ke7
60. g4 hxg4+ 61. Kxg4 Re5 62. Rf2 1/2-1/2

[Event "25th Czech Open A 2014"]
[Site "Pardubice CZE"]
[Date "2014.07.22"]
[Round "5.29"]
[White "Gorbatov, Alexej"]
[Black "Teske, Henrik"]
[Result "1/2-1/2"]
[WhiteTitle "IM"]
[BlackTitle "GM"]
[WhiteElo "2358"]
[BlackElo "2512"]
[WhiteFideId "4111834"]
[BlackFideId "4611500"]
[EventDate "2014.07.18"]

1. Nf3 d6 2. d4 g6 3. g3 Bg7 4. Bg2 Nf6 5. O-O O-O 6. a4 Nbd7 7. Nbd2 b6 8. Ne1
Rb8 9. Nd3 c5 10. c3 Ba6 11. b4 Bxd3 12. exd3 cxb4 13. cxb4 e6 14. Qb3 h5 15. b5
Ng4 16. Nf3 Nh6 17. Bg5 Qe8 18. Qb4 Nf5 19. Bh3 Nf6 20. Bxf6 Bxf6 21. Bxf5 exf5
22. Qxd6 Qd8 23. Qf4 Qd5 24. Rac1 a6 25. bxa6 Ra8 26. Rc4 Rxa6 27. Rb1 Qa8 28.
Ne5 Re8 29. Nc6 Rxa4 30. d5 Ra1 31. Rxa1 Qxa1+ 32. Rc1 Qa3 33. d4 g5 34. Qd2 Qf3
35. Qd1 Qxd5 36. Qxh5 Kg7 37. Ne5 Rh8 38. Qf3 Qxd4 39. Nc6 Qd7 40. Rd1 Qe6 41.
Nd4 Bxd4 42. Rxd4 Rc8 43. Rd5 Kg6 44. g4 fxg4 45. Qd3+ Kg7 46. Rxg5+ Kf6 47. Qd2
Qc4 48. Rh5 Qc1+ 49. Qxc1 Rxc1+ 50. Kg2 Rb1 51. Kg3 Kg6 52. Rd5 f5 53. Rd6+ Kg5
54. f4+ gxf3 55. h4+ Kh5 56. Rf6 Rb5 57. Kxf3 Kxh4 58. Kf4 Kh3 59. Rxf5 Rxf5+
60. Kxf5 1/2-1/2

[Event "25th Czech Open A 2014"]
[Site "Pardubice CZE"]
[Date "2014.07.22"]
[Round "5.30"]
[White "Bluebaum, Matthias"]
[Black "Nun, Jiri"]
[Result "1/2-1/2"]
[WhiteTitle "IM"]
[BlackTitle "IM"]
[WhiteElo "2510"]
[BlackElo "2351"]
[WhiteFideId "24651516"]
[BlackFideId "300179"]
[EventDate "2014.07.18"]

1. d4 c5 2. d5 g6 3. c4 Bg7 4. e4 d6 5. Nc3 e5 6. Be2 Ne7 7. h4 h5 8. Nf3 Nd7 9.
Ng5 Nf8 10. Nb5 Nh7 11. Nxh7 Rxh7 12. b4 Kf8 13. bxc5 dxc5 14. O-O Bd7 15. Qb3
b6 16. Bg5 f6 17. Be3 a6 18. Nc3 Kg8 19. f4 f5 20. Rab1 Nc8 21. fxe5 Bxe5 22.
Bg5 Bf6 23. Bxf6 Qxf6 24. Rf4 Rb8 25. Rbf1 Nd6 26. exf5 Bxf5 27. Bd3 Re7 28. Nd1
Qe5 29. Bxf5 Nxf5 30. Qd3 Rd8 31. Nc3 Qe3+ 32. Qxe3 Rxe3 33. Ne4 Kg7 34. Rb1 Re8
35. Nd2 Nd4 36. Kh2 b5 37. Rbf1 Nf5 38. Nb3 Rc8 39. Rc1 b4 40. Rc2 Re7 41. Rd2
Nd6 42. Rdf2 Nf5 43. Rd2 Nd6 44. Rdf2 Nf5 45. Rd2 1/2-1/2

[Event "25th Czech Open A 2014"]
[Site "Pardubice CZE"]
[Date "2014.07.22"]
[Round "5.31"]
[White "Neuman, Petr"]
[Black "Zubritskiy, Artyom"]
[Result "1-0"]
[WhiteTitle "GM"]
[WhiteElo "2488"]
[BlackElo "2335"]
[WhiteFideId "305243"]
[BlackFideId "4181247"]
[EventDate "2014.07.18"]

1. e4 c5 2. Nf3 d6 3. c3 Nf6 4. Be2 g6 5. O-O Bg7 6. Bb5+ Bd7 7. Bxd7+ Qxd7 8.
Re1 Nc6 9. d4 cxd4 10. cxd4 d5 11. e5 Ne4 12. Nbd2 Nxd2 13. Bxd2 O-O 14. Bf4 Nd8
15. Qd2 Ne6 16. h4 h5 17. Ng5 Rfc8 18. Rac1 Rxc1 19. Rxc1 Rc8 20. Nxe6 Qxe6 21.
Rxc8+ Qxc8 22. Qa5 Qc2 23. Qd8+ Kh7 24. Qxe7 Qd1+ 25. Kh2 Qxd4 26. Bg3 f5 27.
Qf7 f4 28. Qxf4 Qxf4 29. Bxf4 Kg8 30. Bg3 Kf7 31. f4 Ke6 32. Bf2 b6 33. Kg3 Kf5
34. Kf3 Bf8 35. a3 Be7 36. g3 Bf8 37. Be3 Be7 38. b4 Bf8 39. Bd2 Be7 40. a4 Bf8
41. b5 Be7 42. a5 Bd8 43. a6 Be7 44. Be3 Bd8 45. Bf2 Bc7 46. Be1 Bd8 47. Bb4 Bc7
48. Ke3 Bb8 49. Kd4 Ke6 50. Bf8 Bc7 51. Bh6 Bd8 52. Bg5 Bc7 53. Bf6 Bb8 54. Bd8
Kd7 55. Bxb6 axb6 56. Kxd5 Ba7 57. e6+ Ke7 58. f5 gxf5 59. Ke5 Bb8+ 60. Kxf5 1-0

[Event "25th Czech Open A 2014"]
[Site "Pardubice CZE"]
[Date "2014.07.22"]
[Round "5.32"]
[White "Druska, Juraj"]
[Black "Wagner, Dennis"]
[Result "0-1"]
[WhiteTitle "FM"]
[BlackTitle "IM"]
[WhiteElo "2355"]
[BlackElo "2485"]
[WhiteFideId "14915650"]
[BlackFideId "24650684"]
[EventDate "2014.07.18"]

1. e4 c5 2. Nf3 e6 3. d4 cxd4 4. Nxd4 a6 5. Nc3 Qc7 6. Bd3 Nf6 7. f4 d6 8. Qf3
b5 9. g4 b4 10. Nce2 d5 11. e5 Ne4 12. Ng3 Nc5 13. Be3 Nbd7 14. O-O Na4 15. Rab1
Bc5 16. Rfc1 Rb8 17. c3 bxc3 18. b3 Nb2 19. Bf1 Bb4 20. Bd2 O-O 21. Nge2 Nd1 22.
Rc2 f6 23. exf6 Nxf6 24. Rxd1 e5 25. Bxc3 exd4 26. Bxb4 Qxc2 27. Nxd4 Qc7 28.
Bxf8 Bxg4 29. Qd3 Bxd1 30. Ba3 Bg4 31. Qg3 Re8 32. Bb2 Bc8 33. f5 Qe5 34. Qxe5
Rxe5 35. Nc6 Re8 36. Bd3 Re3 37. Bf1 Bxf5 38. Bxa6 Bd3 39. Bxd3 Rxd3 40. b4 Rd1+ 0-1

[Event "25th Czech Open A 2014"]
[Site "Pardubice CZE"]
[Date "2014.07.22"]
[Round "5.33"]
[White "Sivuk, Vitaly"]
[Black "Bruedigam, Martin"]
[Result "1-0"]
[WhiteTitle "IM"]
[BlackTitle "FM"]
[WhiteElo "2483"]
[BlackElo "2328"]
[WhiteFideId "14116502"]
[BlackFideId "24608033"]
[EventDate "2014.07.18"]

1. e4 e5 2. Nf3 Nc6 3. Bb5 a6 4. Ba4 Nf6 5. Qe2 Be7 6. O-O b5 7. Bb3 O-O 8. c3
d5 9. d3 Bb7 10. Rd1 d4 11. Nbd2 Nd7 12. Nf1 dxc3 13. bxc3 Na5 14. Bc2 c5 15.
Ne3 Re8 16. Nf5 Bf8 17. h4 Nf6 18. Nh2 Qb6 19. Be3 Qe6 20. f3 Nh5 21. Qf2 Rac8
22. Nf1 Nf4 23. d4 cxd4 24. cxd4 Qc4 25. Bb3 Nxb3 26. axb3 Qxb3 27. dxe5 Nd3 28.
Qg3 Nxe5 29. Bd4 f6 30. Bxe5 Rxe5 31. N1e3 Qe6 32. Ng4 Rec5 33. Rd7 Rxf5 34.
exf5 Qb6+ 35. Kh1 Kh8 36. h5 Bc6 37. Rd3 Be8 38. h6 gxh6 39. Re1 h5 40. Ne3 Bf7
41. Rd7 Bg8 42. Qh4 Rd8 43. Rxd8 Qxd8 44. Rd1 Qe7 45. Qd4 b4 46. Nd5 Bxd5 47.
Qxd5 h4 48. Qe6 Qxe6 49. fxe6 1-0

[Event "25th Czech Open A 2014"]
[Site "Pardubice CZE"]
[Date "2014.07.22"]
[Round "5.34"]
[White "Lalic, Bogdan"]
[Black "Tesik, Csaba"]
[Result "1-0"]
[WhiteTitle "GM"]
[BlackTitle "FM"]
[WhiteElo "2482"]
[BlackElo "2324"]
[WhiteFideId "409081"]
[BlackFideId "735582"]
[EventDate "2014.07.18"]

1. d4 Nf6 2. c4 e6 3. Nf3 b6 4. a3 Bb7 5. Nc3 d5 6. Qc2 dxc4 7. e4 c5 8. d5 exd5
9. exd5 Nxd5 10. Bxc4 Be7 11. Bh6 Bf6 12. Nxd5 Bxd5 13. O-O-O Bd4 14. Bxd5 Qxd5
15. Bxg7 Rg8 16. Rhe1+ Kd8 17. Bxd4 1-0

[Event "25th Czech Open A 2014"]
[Site "Pardubice CZE"]
[Date "2014.07.22"]
[Round "5.35"]
[White "Gutman, Gennadi"]
[Black "Nemcova, Katerina"]
[Result "1/2-1/2"]
[WhiteTitle "GM"]
[BlackTitle "WGM"]
[WhiteElo "2479"]
[BlackElo "2314"]
[WhiteFideId "14102277"]
[BlackFideId "322750"]
[EventDate "2014.07.18"]

1. d4 Nf6 2. Nf3 d5 3. c4 e6 4. Nc3 c5 5. e3 dxc4 6. Bxc4 a6 7. a4 Nc6 8. O-O
Be7 9. Qe2 cxd4 10. Rd1 e5 11. exd4 exd4 12. Nxd4 Nxd4 13. Qe5 Qd6 14. Qxd6 Bxd6
15. Rxd4 Bc5 16. Rd1 O-O 17. Bg5 Be6 18. Bxe6 fxe6 19. Bxf6 gxf6 20. Ne4 Bb4 21.
Rd4 a5 22. Rad1 Rac8 23. g4 b6 24. Kg2 h6 25. R1d3 Rc2 26. b3 Rc7 27. Rd7 Rxd7
28. Rxd7 Rf7 29. Rd8+ Kg7 30. Nd6 Rf8 31. Rd7+ Kg6 32. Nc4 Bc5 33. h4 h5 34. f3
Rb8 35. Nd6 hxg4 36. fxg4 Bxd6 37. Rxd6 b5 38. Rxe6 bxa4 39. bxa4 Rb4 40. Kg3
Rxa4 41. g5 Ra3+ 42. Kf2 Ra2+ 43. Ke3 Ra3+ 1/2-1/2

[Event "25th Czech Open A 2014"]
[Site "Pardubice CZE"]
[Date "2014.07.22"]
[Round "5.36"]
[White "Akesson, Ralf"]
[Black "Glantz, Robert"]
[Result "1-0"]
[WhiteTitle "GM"]
[BlackTitle "FM"]
[WhiteElo "2462"]
[BlackElo "2317"]
[WhiteFideId "1700120"]
[BlackFideId "24629596"]
[EventDate "2014.07.18"]

1. d4 Nf6 2. c4 d6 3. Nf3 Nbd7 4. Nc3 e5 5. e4 g6 6. Be2 Bg7 7. O-O O-O 8. Qc2
exd4 9. Nxd4 Re8 10. Rd1 c6 11. Rb1 a6 12. Bg5 Qb6 13. Nb3 Qc7 14. Bh4 b5 15.
Bg3 Ne5 16. cxb5 cxb5 17. Rbc1 Bb7 18. Qd2 Qb6 19. Qxd6 Qxd6 20. Rxd6 Nxe4 21.
Nxe4 Bxe4 22. f3 Bf8 23. Rdd1 Bf5 24. Nd4 Bc8 25. b3 Nd7 26. Rc7 Bc5 27. Kf1 Ra7
28. Rxa7 Bxa7 29. Nc6 Bb6 30. Nb4 Nf8 31. Nd5 Bd8 32. Nc7 Bxc7 33. Bxc7 Nd7 34.
Ba5 Ne5 35. Rd6 Kg7 36. Bc3 f6 37. f4 Nd7 38. Bg4 Ne5 39. fxe5 Bxg4 40. exf6+
Kf7 41. Rxa6 h5 42. Ra7+ Ke6 43. Rb7 Rc8 44. Re7+ Kd6 45. Bb4+ Kd5 46. f7 Rf8
47. Rc7 1-0

[Event "25th Czech Open A 2014"]
[Site "Pardubice CZE"]
[Date "2014.07.22"]
[Round "5.37"]
[White "Schwarz, Dusan"]
[Black "Bryzgalin, Kirill"]
[Result "1/2-1/2"]
[BlackTitle "GM"]
[WhiteElo "2352"]
[BlackElo "2460"]
[WhiteFideId "14903890"]
[BlackFideId "4133285"]
[EventDate "2014.07.18"]

1. d4 Nf6 2. c4 e5 3. dxe5 Ng4 4. Bf4 g5 5. Bg3 Bg7 6. Nf3 Nc6 7. e3 Ngxe5 8.
Nxe5 Nxe5 9. h4 h6 10. Nc3 d6 11. Qc2 Be6 12. O-O-O Qe7 13. Nd5 Bxd5 14. cxd5
Ng6 15. Bb5+ Kf8 16. hxg5 hxg5 17. Kb1 Rxh1 18. Rxh1 Qf6 19. Rc1 Ne7 20. e4 c6
21. Bd3 cxd5 22. exd5 Nxd5 23. Be4 Nb6 24. Qd2 d5 25. Bd3 Kg8 26. Rc2 Rd8 27.
Bc7 Rc8 28. Bxb6 Rxc2 29. Qxc2 Qxb6 30. Qc8+ Bf8 31. Qf5 Bg7 32. Qc8+ Bf8 33.
Qf5 Bg7 1/2-1/2

[Event "25th Czech Open A 2014"]
[Site "Pardubice CZE"]
[Date "2014.07.22"]
[Round "5.38"]
[White "Vishnu Prasanna, V"]
[Black "Lokander, Martin"]
[Result "1-0"]
[WhiteTitle "GM"]
[BlackTitle "FM"]
[WhiteElo "2459"]
[BlackElo "2309"]
[WhiteFideId "5030692"]
[BlackFideId "1709569"]
[EventDate "2014.07.18"]

1. d4 d5 2. c4 dxc4 3. Nf3 a6 4. e3 b5 5. a4 Bb7 6. b3 e6 7. bxc4 bxc4 8. Bxc4
Nf6 9. O-O c5 10. Nbd2 Nbd7 11. Rb1 Bc6 12. Bd3 Be7 13. Qc2 Qa5 14. Nb3 Qc7 15.
Nxc5 Bxc5 16. dxc5 Bxf3 17. gxf3 Qxc5 18. Qxc5 Nxc5 19. Bc2 O-O 20. Ba3 Rfc8 21.
Rfc1 Ncd7 22. Bd3 Rxc1+ 23. Rxc1 a5 24. Kf1 g6 25. Bb5 Nb6 26. e4 1-0